000 00416nam a2200181Ia 4500
001 8526
005 20260306160616.0
008 260306t2002||||xx |||||||||||||| ||spa||
041 _aESP
082 _a371.102
_bD74D
100 _aMedina Rivilla, Antonio
_eAUT
245 0 _aDidáctica general
260 _c2002
300 _a436 páginas :
_ccm.
650 _aGEN
654 _aCED
942 _cLIB
_dJUS
_fJUS
_2ddc
_n
999 _c8526
_d8526